000 00339 a2200109 4500
001 ART_25909
005 20260410161603.0
008 260409a
245 1 0 _aLa contabilidad y los métodos analíticos
100 1 _aGarcía Casella, Carlos Luis
773 0 _tProfesional & Empresaria
_g- Año V, Nº 59 (ago. 2004)
_wREV70
999 _c9864
_d9864